|
|
|
|
| LEADER |
02030nam a2200337 a 4500 |
| 001 |
GR-Antirio1183 |
| 008 |
160329s2015 gr g 000 0 gre d |
| 020 |
|
|
|a 9789605780043
|
| 040 |
|
|
|a GrPaTEI
|b gre
|c GR-PaULI
|
| 040 |
|
|
|a GrPaTEI
|b gre
|c GR-PaULI
|
| 082 |
0 |
4 |
|a 005.13
|2 22
|
| 099 |
|
|
|a ΕΥΔ 005.13
|
| 100 |
1 |
|
|a Βώρος, Νικόλαος Σπ.
|
| 245 |
1 |
0 |
|a Σχεδιασμός συστημάτων με τη γλώσσα SDL /
|c Νικόλαος Σπ. Βώρος.
|
| 250 |
|
|
|a 2η έκδ.
|
| 260 |
|
|
|a Αθήνα :
|b Εκδόσεις Νέων Τεχνολογιών,
|c 2015.
|
| 300 |
|
|
|a 242 σ. :
|b σχ.
|
| 500 |
|
|
|a Σύστημα ¨ΕΥΔΟΞΟΣ": αρ. εισ. 9632, 9633, 9634
|
| 500 |
|
|
|a Τμήμα Μηχανικών Πληροφορικής Τ.Ε (Αντίρριο)
|
| 504 |
|
|
|a Βιβλιογραφία: σ. [239]-242.
|
| 610 |
|
4 |
|a Σύστημα ΕΥΔΟΞΟΣ
|
| 610 |
2 |
4 |
|a Τμήμα Μηχανικών Πληροφορικής Τ.Ε. (Αντίρριο)
|
| 650 |
|
4 |
|a Ηλεκτρονικοι υπολογιστές
|x Γλώσσες προγραμματισμού
|
| 650 |
|
4 |
|a Ηλεκτρονικοί υπολογιστές
|x Δίκτυα
|
| 710 |
0 |
|
|a Εκδόσεις Νέων Τεχνολογιών
|
| 942 |
|
|
|2 ddc
|
| 952 |
|
|
|0 0
|1 0
|2 ddc
|4 0
|6 005_130000000000000_ΒΩΡ
|7 0
|9 263224
|a LISK-2
|b LISK-2
|c EUD
|d 2021-01-17
|e 24
|f 0
|g 0.00
|l 0
|o 005.13 ΒΩΡ
|p 2430000009632
|r 2021-01-17 00:00:00
|t 1
|w 2021-01-17
|y BK15
|x 20160329 0 ΧΑΣΑΝΗ 1
|x GrPaTEI - Antirrio
|
| 952 |
|
|
|0 0
|1 0
|2 ddc
|4 0
|6 005_130000000000000_ΒΩΡ
|7 0
|9 263225
|a LISK-2
|b LISK-2
|c EUD
|d 2021-01-17
|e 24
|f 1
|g 0.00
|l 0
|o 005.13 ΒΩΡ
|p 2430000009633
|r 2022-05-06 00:00:00
|t 1
|w 2021-01-17
|y BK15
|x 20160329 0 ΧΑΣΑΝΗ 1
|x GrPaTEI - Antirrio
|
| 952 |
|
|
|0 0
|1 0
|2 ddc
|4 0
|6 005_130000000000000_ΒΩΡ
|7 0
|9 263226
|a LISK-2
|b LISK-2
|c EUD
|d 2021-01-17
|e 24
|f 0
|g 0.00
|l 0
|o 005.13 ΒΩΡ
|p 2430000009634
|r 2021-01-17 00:00:00
|t 1
|w 2021-01-17
|y BK15
|x 20160329 0 ΧΑΣΑΝΗ 1
|x GrPaTEI - Antirrio
|
| 971 |
|
|
|a .b25709823
|b 08-10-20
|c 12-09-16
|
| 999 |
|
|
|c 151498
|d 151498
|